Vývoj dôchodkovej reformy na Slovensku bakalárska práca

Salvato in:
Dettagli Bibliografici
Autore principale: Nemcová, Martina
Ente Autore: Podnikovohospodárska fakulta EU so sídlom v Košiciach. Katedra hospodárskej informatiky a matematiky
Altri autori: Hajduová, Zuzana, 1974-
Natura: Libro
Lingua:slovacco
Pubblicazione: Košice 2013
Tags: Aggiungi Tag
Nessun Tag, puoi essere il primo ad aggiungerne!!

MARC

LEADER 00000nbm a2200000 4500
001 0172366
005 20161109112046.5
041 0 |a slo 
044 |a SK 
245 1 0 |a Vývoj dôchodkovej reformy na Slovensku  |b bakalárska práca  |c Martina Nemcová ; školiteľ: Zuzana Hajduová 
264 1 |a Košice  |c 2013 
300 |a 52 s. 
100 1 |a Nemcová, Martina 
700 1 |a Hajduová, Zuzana, 1974- 
710 2 |a Podnikovohospodárska fakulta EU so sídlom v Košiciach. Katedra hospodárskej informatiky a matematiky